Heart of Midlothian FC: Top 100 Appearance Holders - Statistics

General Stats
  • This quiz has been taken 24 times
  • The average score is 35 of 101
Answer Stats
No. Appearances Player % Correct
2. 632 John Robertson
100%
3. 598 Henry Smith
91%
40. 277 Craig Gordon
86%
1. 640 Gary Mackay
86%
96. 174 Jimmy Smith
86%
74. 203 Michael Smith
86%
16. 389 Bobby Walker
82%
56. 230 Jamie Walker
82%
65. 221 Roddy Macdonald
82%
26. 332 Steven Pressley
82%
12. 409 Tommy Walker
82%
93. 179 Dave Mackay
73%
85. 189 Colin Cameron
68%
41. 272 Andy Webster
64%
15. 401 Craig Levein
64%
11. 413 Willie Bauld
64%
20. 364 Dave McPherson
59%
10. 418 Jimmy Wardhaugh
59%
50. 249 Robbie Neilson
59%
90. 185 Andy Black
55%
19. 371 Donald Ford
55%
17. 396 Jim Brown
55%
23. 356 Jimmy Brown
55%
62. 222 Kenny Black
55%
25. 338 Alfie Conn
50%
9. 424 John Colquhoun
50%
74. 203 Robert King
50%
59. 235 Sandy Jardine
50%
67. 219 Charlie Thomson
45%
89. 187 Danny Ferguson
45%
48. 256 Drew Busby
45%
70. 211 Eddie Thomson
45%
85. 189 Gary Locke
45%
4. 538 Jim Cruickshank
45%
51. 248 Willie Wallace
45%
67. 219 Alan McLaren
41%
78. 197 Alex Young
41%
44. 263 Christophe Berra
41%
91. 181 Frank McLaren
41%
54. 244 Jock Wilson
41%
37. 302 John A Johnston
41%
52. 247 Tosh McKinlay
41%
42. 269 Willie Wilson
41%
6. 475 Alan Anderson
36%
14. 403 Andy Anderson
36%
28. 326 Archie Miller
36%
57. 239 George P Miller
36%
31. 312 Jock White
36%
13. 404 Johnny Hamilton
36%
99. 172 William White
36%
31. 312 Willie Gibson
36%
100. 169 Andrew Driver
32%
35. 308 Davie Holt
32%
55. 242 Eamonn Bannon
32%
33. 310 Jim Jefferies
32%
62. 222 Marius Zaliukas
32%
30. 316 Neil Berry
32%
7. 462 Walter Kidd
32%
57. 239 Steve Fulton
27%
18. 374 Willie Murray
27%
69. 215 Alex Massie
23%
38. 292 Bobby Kirk
23%
71. 210 Bobby Prentice
23%
61. 229 Freddie Glidden
23%
5. 505 John Cumming
23%
72. 207 Brian Whittaker
18%
43. 267 Gordon Marshall
18%
22. 357 Tom Mackenzie
18%
76. 201 Wayne Foster
18%
48. 256 Bob Mercer
14%
46. 262 Donald Park
14%
79. 196 Robert Johnstone
14%
96. 174 Scott Severin
14%
82. 192 Cammy Fraser
9%
60. 231 George Hogg
9%
96. 174 Ian Crawford
9%
77. 198 Ian Sneddon
9%
44. 263 Billy Higgins
5%
27. 329 Bobby Parker
5%
47. 259 Davie Laing
5%
100. 169 George Fleming
5%
83. 191 Isaac Begbie
5%
85. 189 Jimmy Milne
5%
35. 308 Paddy Crossan
5%
72. 207 Roy Kay
5%
92. 180 Tom Allan
5%
88. 188 William Waugh
5%
65. 221 Willie Polland
5%
39. 291 Andrew Herd
0%
83. 191 Bobby Blackwood
0%
33. 310 David Clunie
0%
80. 194 Davie Baird
0%
8. 430 Duncan McClure
0%
24. 351 George Sinclair
0%
29. 324 Jack Harkness
0%
80. 194 Jimmy Dykes
0%
62. 222 John Urquhart
0%
94. 178 Lachlan Macmillan
0%
21. 363 Peter Nellies
0%
95. 177 Tom Collins
0%
52. 247 Tommy Traynor
0%
No matching quizzes found
Score Distribution
Percent of People with Each Score
Percentile by Number Answered
Your Score History
You have not taken this quiz